[Event "23rd Hogeschool Zeeland Open 2019"]
[Site "Vlissingen"]
[Date "2019.08.08"]
[Round "7.8"]
[White "Zwirs, Nico"]
[Black "Mesman, Edwyn"]
[Result "1-0"]
[WhiteElo "2380"]
[BlackElo "2204"]
[Annotator "RC"]
[PlyCount "75"]
[EventDate "2019.08.03"]
[EventType "swiss"]
[EventCountry "NED"]
[SourceTitle "playchess.com"]
[Source "ChessBase"]
[SourceQuality "1"]
[TimeControl "40/5400+30:1800+30"]

1. c4 {[%emt 0:00:00]} Nf6 {[%emt 0:00:11]} 2. Nc3 {[%emt 0:00:00]} g6 {[%emt 0:05:34]} 3. e4 {[%emt 0:03:24]} e5 {[%emt 0:01:07]} 4. Nf3 {[%emt 0:02:34]} Bg7 {[%emt 0:00:14]} 5. Be2 {[%emt 0:08:06]} O-O {[%emt 0:00:53]} 6. O-O {[%emt 0:00:25]} Nc6 {[%emt 0:00:52]} 7. d3 {[%emt 0:04:42]} d6 {[%emt 0:00:51]} 8. Rb1 {[%emt 0:00:20]} h6 {[%emt 0:04:36]} 9. b4 {[%emt 0:03:28]} Bg4 {[%emt 0:08:12]} 10. Be3 {[%emt 0:04:34]} Nd7 {[%emt 0:09:15]} 11. Qd2 {[%emt 0:09:18]} Kh7 {[%emt 0:00:51]} 12. Ng5+ {[%emt 0:10:36]} hxg5 {[%emt 0:00:47]} 13. Bxg4 {[%emt 0:00:02]} f5 {[%emt 0:08:52]} 14. exf5 {[%emt 0:01:32]} gxf5 {[%emt 0:00:32]} 15. Bxg5 {[%emt 0:00:06]} Qe8 {[%emt 0:01:08]} 16. Bh3 {[%emt 0:00:27]} Qg6 {[%emt 0:03:42]} 17. f4 {[%emt 0:04:27]} Nd4 {[%emt 0:03:40]} 18. Nd5 {[%emt 0:20:02]} exf4 {[%emt 0:16:08]} 19. Bxf4 {[%emt 0:03:09]} Rae8 {[%emt 0:01:23]} 20. Rbe1 {[%emt 0:02:25]} Ne5 {[%emt 0:04:37]} 21. Kh1 {[%emt 0:05:15]} c6 {[%emt 0:12:06]} 22. Ne3 {[%emt 0:00:05]} Kg8 {[%emt 0:00:16]} 23. c5 {[%emt 0:07:06]} d5 {[%emt 0:03:10]} 24. Nc2 {[%emt 0:03:59]} Nb5 {[%emt 0:04:15]} 25. Bxe5 {[%emt 0:00:39]} Rxe5 {[%emt 0:00:40]} 26. Rxe5 {[%emt 0:00:11]} Bxe5 {[%emt 0:00:06]} 27. d4 {[%emt 0:00:05]} Bg7 {[%emt 0:02:13]} 28. Qd3 {[%emt 0:00:15]} Qg5 {[%emt 0:01:49]} 29. Bxf5 {[%emt 0:01:50]} Kh8 {[%emt 0:00:21]} 30. a4 {[%emt 0:01:37]} Nc7 {[%emt 0:00:43]} 31. Ne3 {[%emt 0:00:58]} Re8 {[%emt 0:05:08]} 32. Ng4 {[%emt 0:01:49]} Qh4 {[%emt 0:00:08]} 33. g3 {[%emt 0:00:25]} Qg5 {[%emt 0:00:15]} 34. Kg2 {[%emt 0:00:40]} Qe7 {[%emt 0:01:07]} 35. Rf2 {[%emt 0:00:54]} Na6 {[%emt 0:00:13]} 36. b5 {[%emt 0:00:35]} Nb4 {[%emt 0:00:12]} 37. Qd2 {[%emt 0:00:22]} Qe1 {[%emt 0:00:11]} 38. Qg5 {[%emt 0:00:21]} 1-0

[Event "23rd Hogeschool Zeeland Open 2019"]
[Site "Vlissingen"]
[Date "2019.08.08"]
[Round "7.9"]
[White "Van Baar, Esper"]
[Black "Grochal, Joey"]
[Result "1/2-1/2"]
[WhiteElo "2108"]
[BlackElo "2313"]
[Annotator "ChessBase"]
[PlyCount "81"]
[EventDate "2019.08.03"]
[EventType "swiss"]
[EventCountry "NED"]
[SourceTitle "playchess.com"]
[Source "ChessBase"]
[SourceQuality "1"]
[TimeControl "40/5400+30:1800+30"]

1. e4 {[%emt 0:00:00]} c5 {[%emt 0:00:00]} 2. Nf3 {[%emt 0:00:00]} e6 {[%emt 0:00:00]} 3. d4 {[%emt 0:00:06]} cxd4 {[%emt 0:00:00]} 4. Nxd4 {[%emt 0:00:04]} Nc6 {[%emt 0:00:00]} 5. Nc3 {[%emt 0:00:51]} Qc7 {[%emt 0:00:05]} 6. Be3 {[%emt 0:00:58]} a6 {[%emt 0:00:08]} 7. Qf3 {[%emt 0:00:27]} b5 {[%emt 0:00:08]} 8. Nxc6 {[%emt 0:00:54]} Qxc6 {[%emt 0:00:07]} 9. Bd3 {[%emt 0:00:54]} Ba3 {[%emt 0:01:58]} 10. Bc1 {[%emt 0:11:40]} Be7 {[%emt 0:05:16]} 11. Qg3 {[%emt 0:04:19]} Bb7 {[%emt 0:04:21]} 12. f3 {[%emt 0:01:12]} b4 {[%emt 0:08:58]} 13. Ne2 {[%emt 0:00:07]} Nf6 {[%emt 0:04:26]} 14. e5 {[%emt 0:04:09]} Nh5 {[%emt 0:00:24]} 15. Qg4 {[%emt 0:00:26]} g6 {[%emt 0:00:14]} 16. Be3 {[%emt 0:09:56]} Qc7 {[%emt 0:06:36]} 17. Qd4 {[%emt 0:04:18]} Rc8 {[%emt 0:02:41]} 18. Ng3 {[%emt 0:11:49]} Bc5 {[%emt 0:04:28]} 19. Qxc5 {[%emt 0:00:05]} Qxc5 {[%emt 0:00:06]} 20. Bxc5 {[%emt 0:00:03]} Rxc5 {[%emt 0:00:04]} 21. Nxh5 {[%emt 0:00:08]} Rxe5+ {[%emt 0:00:12]} 22. Kf2 {[%emt 0:00:35]} Rxh5 {[%emt 0:00:58]} 23. a3 {[%emt 0:00:06]} bxa3 {[%emt 0:03:14]} 24. Rxa3 {[%emt 0:00:04]} Ke7 {[%emt 0:00:26]} 25. Rb3 {[%emt 0:06:55]} Bd5 {[%emt 0:04:59]} 26. Ra3 {[%emt 0:09:51]} Rc8 {[%emt 0:01:50]} 27. Rxa6 {[%emt 0:04:51]} Bc4 {[%emt 0:00:08]} 28. Bxc4 {[%emt 0:00:08]} Rxc4 {[%emt 0:00:01]} 29. c3 {[%emt 0:00:34]} Rb5 {[%emt 0:00:55]} 30. Ra2 {[%emt 0:00:08]} d5 {[%emt 0:06:44]} 31. Ke3 {[%emt 0:03:24]} e5 {[%emt 0:03:11]} 32. Kd3 {[%emt 0:06:20]} h5 {[%emt 0:02:39]} 33. Re1 {[%emt 0:04:49]} Ke6 {[%emt 0:01:06]} 34. Ra6+ {[%emt 0:04:00]} Kf5 {[%emt 0:00:57]} 35. b4 {[%emt 0:01:52]} Rh4 {[%emt 0:05:19]} 36. h3 {[%emt 0:04:38]} f6 {[%emt 0:02:16]} 37. g4+ {[%emt 0:01:14]} Kg5 {[%emt 0:02:06]} 38. Rg1 {[%emt 0:03:02]} hxg4 {[%emt 0:08:50]} 39. Rxg4+ {[%emt 0:00:18]} Rxg4 {[%emt 0:00:04]} 40. hxg4 {[%emt 0:00:18]} Rb8 {[%emt 0:05:19]} 41. Rd6 {[%emt 0:11:15]} 1/2-1/2

[Event "23rd Hogeschool Zeeland Open 2019"]
[Site "Vlissingen"]
[Date "2019.08.08"]
[Round "7.10"]
[White "Grooten, Herman"]
[Black "Stange, Sven"]
[Result "1/2-1/2"]
[WhiteElo "2310"]
[BlackElo "2167"]
[Annotator "TA"]
[PlyCount "105"]
[EventDate "2019.08.03"]
[EventType "swiss"]
[EventCountry "NED"]
[SourceTitle "playchess.com"]
[Source "ChessBase"]
[SourceQuality "1"]

{[%evp 13,105,12,8,3,19,0,0,1,31,0,0,0,27,8,61,62,67,0,0,0,2,4,11,0,0,-5,23,11,25,0,3,0,0,0,-5,-15,0,0,0,-5,0,0,0,-19,-12,-21,-27,-237,-84,-78,-23,-25,-15,-19,-25,-25,-27,-42,-49,-43,-37,-51,-37,-45,-3,-31,0,0,0,-144,0,0,0,0,0,0,0,0,8,8,8,0,0,0,0,0,0,0,0,-8,-8,-8,-8,-8]} 1. d4 Nf6 2. c4 e6 3. Nf3 b6 4. g3 Ba6 5. Qa4 Bb7 6. Bg2 c5 7. dxc5 Bxc5 8. Nc3 {E15: Queen's Indian: 4 g3 sidelines, 4 g3 Ba6 and 4 g3 Bb7 early deviations} (8. O-O O-O 9. Nc3 Be7 10. Rd1 Na6 11. Bf4 Nc5 12. Qc2 Qc8 13. Rd4 d5 14. cxd5 Nxd5 15. Bg5 Nf6 16. Rc1 h6 17. Be3 Rd8 18. b4 Rxd4 19. Nxd4 Bxg2 20. Kxg2 Qb7+ {½-½ (31) Mareco,S (2625)-Almasi,Z (2682) Stockholm 2016}) 8... O-O 9. Bf4 d5 10. Rd1 Qe7 $146 ({Predecessor:} 10... d4 11. b4 Qe8 12. bxc5 dxc3 13. Qc2 Na6 {½-½ (27) Farago,S (2305)-Fodor,T (2169) Budapest 2004}) 11. O-O dxc4 12. Qxc4 Nd5 13. Bg5 Qc7 ({Black should play} 13... f6 $11 14. Bd2 (14. Nxd5 exd5 15. Rxd5 Kh8 $11) 14... Nd7) 14. Nxd5 $14 Bxd5 15. Qh4 ({White should try} 15. Qg4 $1 $14) 15... Nc6 $11 16. a3 Ne7 17. Bf4 Qb7 18. Qh5 {Hoping for b4.} a5 $1 19. Bd2 a4 20. Bc3 f6 21. Qh3 Qc8 22. Rc1 e5 23. Qxc8 Raxc8 24. Nd2 Bxg2 25. Kxg2 Nd5 26. Ne4 Be7 27. Rfd1 Rfd8 28. g4 Kf7 29. Kf3 Ke6 30. Rd3 $2 {[#]} (30. Bd2 $11) 30... g6 $2 (30... h5 $1 $19 {[%cal Rh5g4][%mdl 512] is more deadly. Threatens to win with ...hxg4+.} 31. h3 (31. gxh5 f5) 31... g6) 31. Ng3 $17 Nf4 (31... b5 $17) 32. Rxd8 $11 Rxd8 33. Be1 f5 34. gxf5+ gxf5 35. Rc6+ Rd6 36. Rxd6+ Bxd6 $15 {[%mdl 4096] Endgame KBN-KBN} 37. e4 fxe4+ 38. Nxe4 Bc5 39. Bc3 Kf5 40. Ng3+ Ke6 41. Ke4 (41. Ne4 $1 $11 {was the only way to keep the balance.}) 41... Bxf2 (41... Nh3 $17 42. f4 exf4) 42. Bxe5 $11 {The position is equal.} Bxg3 43. hxg3 $17 {KB-KN} Nd5 44. Kd4 b5 45. Bg7 b4 46. axb4 Nxb4 47. Bf8 Nd5 48. Bh6 Nf6 49. Kc4 Ne4 50. Bf4 Nf2 51. g4 Nxg4 52. Kb4 Nf2 {And now ...Nd3+ would win.} 53. Kxa4 {Accuracy: White = 46%, Black = 52%.} 1/2-1/2

[Event "23rd Hogeschool Zeeland Open 2019"]
[Site "Vlissingen"]
[Date "2019.08.08"]
[Round "7.11"]
[White "Lacrosse, Marc"]
[Black "Elgersma, Onno"]
[Result "0-1"]
[WhiteElo "2189"]
[BlackElo "2232"]
[Annotator "ChessBase"]
[PlyCount "42"]
[EventDate "2019.08.03"]
[EventType "swiss"]
[EventCountry "NED"]
[SourceTitle "playchess.com"]
[Source "ChessBase"]
[SourceQuality "1"]
[TimeControl "40/5400+30:1800+30"]

1. d4 {[%emt 0:00:00]} Nf6 {[%emt 0:00:00]} 2. c4 {[%emt 0:00:16]} e6 {[%emt 0:00:00]} 3. Nf3 {[%emt 0:01:18]} d5 {[%emt 0:00:00]} 4. Bg5 {[%emt 0:03:39]} dxc4 {[%emt 0:00:25]} 5. Nc3 {[%emt 0:02:02]} a6 {[%emt 0:00:16]} 6. a4 {[%emt 0:02:22]} Nc6 {[%emt 0:00:17]} 7. e3 {[%emt 0:08:14]} Na5 {[%emt 0:00:44]} 8. Nd2 {[%emt 0:14:08]} c5 {[%emt 0:14:59]} 9. Nxc4 {[%emt 0:22:01]} cxd4 {[%emt 0:15:24]} 10. Bxf6 {[%emt 0:14:04]} Qxf6 {[%emt 0:05:37]} 11. Qxd4 {[%emt 0:01:54]} Nxc4 {[%emt 0:13:56]} 12. Bxc4 {[%emt 0:03:08]} Bd7 {[%emt 0:05:55]} 13. O-O {[%emt 0:06:52]} Qxd4 {[%emt 0:01:05]} 14. exd4 {[%emt 0:00:06]} Rc8 {[%emt 0:00:15]} 15. Bb3 {[%emt 0:02:28]} Bb4 {[%emt 0:00:48]} 16. Rac1 {[%emt 0:02:55]} O-O {[%emt 0:01:28]} 17. Rfd1 {[%emt 0:01:03]} Rfd8 {[%emt 0:07:12]} 18. Kf1 {[%emt 0:00:53]} h6 {[%emt 0:04:06]} 19. Ke2 {[%emt 0:02:18]} Ba5 {[%emt 0:05:31]} 20. Ne4 {[%emt 0:06:21]} Bc6 {[%emt 0:01:11]} 21. Ke3 {[%emt 0:01:23]} Bb6 {[%emt 0:03:18]} 0-1

[Event "23rd Hogeschool Zeeland Open 2019"]
[Site "Vlissingen"]
[Date "2019.08.08"]
[Round "7.12"]
[White "Wunnink, Michael"]
[Black "Mityaev, Alexandr"]
[Result "1-0"]
[WhiteElo "2214"]
[BlackElo "2087"]
[Annotator "ChessBase"]
[PlyCount "65"]
[EventDate "2019.08.03"]
[EventType "swiss"]
[EventCountry "NED"]
[SourceTitle "playchess.com"]
[Source "ChessBase"]
[SourceQuality "1"]
[TimeControl "40/5400+30:1800+30"]

1. d4 {[%emt 0:00:00]} d5 {[%emt 0:01:06]} 2. c4 {[%emt 0:00:00]} c6 {[%emt 0:00:03]} 3. Nc3 {[%emt 0:00:00]} Nf6 {[%emt 0:00:04]} 4. cxd5 {[%emt 0:00:38]} cxd5 {[%emt 0:00:06]} 5. Bf4 {[%emt 0:00:14]} Nc6 {[%emt 0:00:38]} 6. e3 {[%emt 0:00:14]} a6 {[%emt 0:00:22]} 7. Be2 {[%emt 0:01:14]} Bf5 {[%emt 0:07:44]} 8. Nf3 {[%emt 0:02:58]} e6 {[%emt 0:02:17]} 9. Qb3 {[%emt 0:02:31]} Bb4 {[%emt 0:04:43]} 10. O-O {[%emt 0:06:43]} Qe7 {[%emt 0:00:55]} 11. Rfc1 {[%emt 0:13:32]} O-O {[%emt 0:08:45]} 12. Na4 {[%emt 0:06:00]} Na5 {[%emt 0:16:52]} 13. Qd1 {[%emt 0:00:26]} Nd7 {[%emt 0:09:33]} 14. Ne5 {[%emt 0:21:07]} Nxe5 {[%emt 0:02:24]} 15. Bxe5 {[%emt 0:04:01]} Rac8 {[%emt 0:01:03]} 16. a3 {[%emt 0:06:36]} Bd6 {[%emt 0:01:53]} 17. Bxd6 {[%emt 0:00:57]} Qxd6 {[%emt 0:00:43]} 18. Nc5 {[%emt 0:02:07]} Rc7 {[%emt 0:02:15]} 19. Qa4 {[%emt 0:05:10]} Qb6 {[%emt 0:11:45]} 20. b4 {[%emt 0:01:48]} Nc6 {[%emt 0:00:56]} 21. Qd1 {[%emt 0:04:44]} a5 {[%emt 0:03:09]} 22. Na4 {[%emt 0:01:33]} Qa7 {[%emt 0:04:33]} 23. b5 {[%emt 0:00:10]} Nxd4 {[%emt 0:00:14]} 24. Rxc7 {[%emt 0:01:18]} Qb8 {[%emt 0:02:41]} 25. b6 {[%emt 0:01:55]} Nc6 {[%emt 0:00:13]} 26. Nc5 {[%emt 0:00:43]} Rc8 {[%emt 0:00:39]} 27. Rxc8+ {[%emt 0:07:18]} Qxc8 {[%emt 0:00:01]} 28. Rc1 {[%emt 0:00:29]} h5 {[%emt 0:01:46]} 29. Bb5 {[%emt 0:01:20]} Ne5 {[%emt 0:00:57]} 30. Nd7 {[%emt 0:01:34]} Qxd7 {[%emt 0:01:18]} 31. Bxd7 {[%emt 0:00:10]} Nxd7 {[%emt 0:00:01]} 32. Rc8+ {[%emt 0:00:13]} Kh7 {[%emt 0:00:07]} 33. Qxh5# {[%emt 0:08:47]} 1-0

[Event "23rd Hogeschool Zeeland Open 2019"]
[Site "Vlissingen"]
[Date "2019.08.08"]
[Round "7.13"]
[White "Krause, Thomas"]
[Black "Nebolsina, Vera"]
[Result "1/2-1/2"]
[WhiteElo "2137"]
[BlackElo "2269"]
[Annotator "TA"]
[PlyCount "146"]
[EventDate "2019.08.03"]
[EventType "swiss"]
[EventCountry "NED"]
[SourceTitle "playchess.com"]
[Source "ChessBase"]
[SourceQuality "1"]

{[%evp 11,146,0,0,0,0,0,0,0,27,17,58,56,54,52,51,42,56,37,45,0,0,0,8,4,0,5,9,18,14,16,12,21,23,32,32,24,20,24,17,18,18,14,11,10,31,12,12,12,15,10,33,9,28,8,12,4,27,25,30,0,37,37,56,0,0,0,0,0,31,8,8,31,83,81,124,0,0,0,0,8,0,0,0,0,0,0,0,0,0,0,0,-53,0,0,0,-77,0,-245,-244,-308,-308,-295,-179,-163,-88,-1100,-935,-828,-380,-380,-172,-172,-172,-29967,-29968,-29974,-29975,-29975,-29974,-29974,-29975,-29975,-29971,-29974,-29973,-29972,-29973,-29973,-29974,-29974,-29970,-29972,-29968,-29960,-8,-8,8]} 1. c4 e5 2. Nc3 Nc6 3. Nf3 Nf6 4. e3 Bb4 5. Qc2 Bxc3 6. Qxc3 Qe7 7. d4 {A28: English Opening: Four Knights Variation} (7. Be2 O-O 8. d4 Ne4 9. Qc2 exd4 10. exd4 Qb4+ 11. Bd2 Nxd2 12. Qxd2 Qxd2+ 13. Kxd2 d6 14. h3 Bd7 15. Rhe1 Rfe8 {½-½ (30) Vitiugov,N (2709)-Kryvoruchko,Y (2698) Germany 2019}) 7... Ne4 8. Qd3 exd4 9. Nxd4 Nxd4 10. Qxd4 Qb4+ 11. Ke2 Nf6 12. Bd2 Qe7 13. f3 $146 ({Predecessor:} 13. Bc3 O-O 14. f3 Re8 {½-½ (47) Strikovic,A (2557)-Choukri,A (2105) Marrakesh 2010}) 13... O-O 14. Kf2 c5 15. Qd3 d5 $1 16. cxd5 Nxd5 17. e4 ({Reject} 17. Qxd5 Rd8 $17) 17... Nc7 18. Be3 b6 19. Rd1 f5 20. exf5 Bxf5 21. Qd6 Qh4+ 22. Qg3 Qxg3+ 23. Kxg3 Be6 24. a3 Rad8 25. Be2 Bb3 26. Rxd8 Rxd8 27. Rc1 Kf7 28. h4 Nd5 29. Bg5 Ne7 30. Re1 {aiming for Bxe7.} Nf5+ 31. Kf2 Rd6 32. g4 Nd4 33. Bf1 {With the idea Re7+.} Re6 (33... h6 {is interesting.} 34. Be3 Bd5 35. Bxd4 cxd4 36. Re5 Be6) 34. Rxe6 Kxe6 $11 {[%mdl 4096] Endgame KBB-KBN} 35. Be3 Kd5 36. Bd3 h6 37. g5 (37. Bf4 $14) 37... hxg5 $1 38. hxg5 Bd1 39. Be4+ Kc4 40. Bd2 Bc2 {And now ...Bxe4 would win.} 41. Ke3 {Hoping for Bxc2.} Bd1 (41... Nf5+ $14 42. Kf4 Bxe4 43. Kxe4 g6) 42. Bc3 $16 a5 43. Bxd4 (43. Bg6 $16) 43... cxd4+ {KB-KB} 44. Kd2 Ba4 45. f4 Kc5 46. f5 Kd6 47. f6 gxf6 48. g6 Bb3 49. g7 {Threatens to win with Bh7.} Bg8 $1 50. Kd3 Ke5 51. Bg6 (51. a4 $11) 51... f5 (51... Kf4 $1 $15) 52. Be8 $11 f4 53. Bg6 (53. Ke2 $1 $11) 53... Ba2 ({Black should try} 53... Kf6 $17 54. Be8 Kxg7) 54. Kc2 $2 (54. Ke2 $11 {and White has nothing to worry.}) 54... Kf6 $19 55. Be4 {intending b3.} Kxg7 56. Kd3 Kf6 {...Bb1+ is the strong threat.} 57. Kxd4 {[#]} Kg5 (57... Bb3 $1 $19 58. Kd3 Ke5) 58. Kc3 $2 {[%mdl 8192]} (58. b4 $17) 58... Bf7 59. b4 axb4+ (59... Kg4 $142 60. bxa5 bxa5) 60. Kxb4 Be8 (60... Bg6 $142 61. Bc6 Bd3) 61. a4 Kg4 62. a5 $2 (62. Bg2 $19) 62... bxa5+ 63. Kxa5 Kg3 64. Kb4 Bh5 65. Kc3 Bf3 66. Bc2 Kf2 67. Kd2 Bd5 68. Bd1 Kg3 69. Be2 Bf3 70. Bb5 Kg2 71. Bc4 Be4 72. Be2 f3 $2 {[#]} (72... Kf2 {mates} 73. Bd1 Kg3 74. Kc3 Bf5 75. Kd4 Bg4 76. Bb3 f3 77. Bc4 f2 78. Ke3 Bh3 79. Ke4 Kh2 80. Ke3 Kg1 81. Ba6 Bf1 82. Bc8 Bb5 83. Bh3 Bc6 84. Kd4 Bg2 85. Be6 f1=Q 86. Ke5 Qf8 87. Bg4 Qe7+ 88. Kd4 Qg7+ 89. Kc5 Qxg4 90. Kd6 Qf5 91. Ke7 Qe5+ 92. Kd7 Be4 93. Kd8 Qg7 94. Ke8 Bc6+ 95. Kd8 Qd7#) 73. Bxf3+ $1 $11 {[%mdl 512]} Kg3 {Accuracy: White = 47%, Black = 47%.} (73... Bxf3 74. Ke3) 1/2-1/2

[Event "23rd Hogeschool Zeeland Open 2019"]
[Site "Vlissingen"]
[Date "2019.08.08"]
[Round "7.14"]
[White "Klepke, Ricardo"]
[Black "Rosmuller, Anton"]
[Result "1-0"]
[WhiteElo "2267"]
[BlackElo "2073"]
[Annotator "TA"]
[PlyCount "75"]
[EventDate "2019.08.03"]
[EventType "swiss"]
[EventCountry "NED"]
[SourceTitle "playchess.com"]
[Source "ChessBase"]
[SourceQuality "1"]

{[%evp 13,75,25,25,22,38,16,73,80,68,64,78,55,78,83,110,98,106,108,98,110,120,124,118,115,119,100,111,107,145,99,107,107,100,89,99,107,100,90,99,74,58,59,83,76,88,66,84,65,65,65,64,65,65,65,75,71,76,81,97,93,283,279,266,244]} 1. d4 f5 2. c4 Nf6 3. Nf3 d6 4. g3 g6 5. Bg2 Bg7 6. O-O O-O 7. Nc3 Na6 8. b3 {A87: Dutch Defence: Leningrad System: 5 Nf3} (8. Rb1 c6 9. b4 Nc7 10. a4 Be6 11. Qd3 Kh8 12. b5 Bg8 13. Ba3 Qd7 14. Rfc1 Rfc8 15. e4 fxe4 16. Nxe4 Nxe4 17. Qxe4 {½-½ (73) Gelfand,B (2736)-Van Wely,L (2688) Eilat 2012}) 8... c5 9. e3 Rb8 (9... e5 $11) 10. Bb2 $16 {White is better.} Bd7 11. Qe2 b6 $146 ({Predecessor:} 11... Qb6 12. Rfd1 Rfe8 13. e4 fxe4 14. Nxe4 Nxe4 15. Qxe4 cxd4 16. Bxd4 {1-0 (25) Hebden,M (2545)-Wolstencroft,D (2170) Halifax 2006}) 12. Rfe1 e6 13. Rad1 Qe7 {[#]} 14. e4 $1 fxe4 15. Nxe4 Nxe4 16. Qxe4 cxd4 17. Nxd4 Nc5 18. Qe2 a5 19. Ba3 Rf6 20. f4 Re8 21. Nc6 Bxc6 22. Bxc6 Rd8 23. Qd2 Qc7 24. Bg2 Rff8 25. Kh1 e5 26. Bd5+ Kh8 27. fxe5 Bxe5 28. Kg2 Qg7 29. Re2 Rf5 30. Rf1 Rdf8 31. Ref2 Rxf2+ 32. Rxf2 Rxf2+ 33. Qxf2 Qf6 34. Qe2 h5 35. Bc1 Kg7 36. Qe3 {[%csl Gc1][%cal Re3h6] [#]} g5 $2 (36... Kf8 $16 {was called for.}) 37. Qxg5+ $18 Qxg5 38. Bxg5 {Accuracy: White = 52%, Black = 48%.} 1-0

[Event "23rd Hogeschool Zeeland Open 2019"]
[Site "Vlissingen"]
[Date "2019.08.08"]
[Round "7.15"]
[White "Kraemer, Max"]
[Black "Afek, Yochanan"]
[Result "0-1"]
[WhiteElo "2041"]
[BlackElo "2253"]
[Annotator "TA"]
[PlyCount "146"]
[EventDate "2019.08.03"]
[EventType "swiss"]
[EventCountry "NED"]
[SourceTitle "playchess.com"]
[Source "ChessBase"]
[SourceQuality "1"]

{[%evp 9,146,41,37,42,65,50,53,68,68,45,43,43,48,18,156,156,156,156,162,153,160,128,145,149,158,160,146,144,150,160,154,149,144,80,78,81,84,72,72,80,75,66,79,64,106,56,69,69,70,8,8,8,8,6,8,0,22,0,0,0,0,-14,-14,-14,-14,-14,-14,-14,0,0,0,0,0,0,0,0,0,0,0,-34,-34,-34,-37,-65,-65,-65,-8,-10,-12,-17,-17,-17,-17,-17,-17,-32,-12,-1545,-8,-2433,-1324,-29957,-29962,-29958,-29963,-29963,-29965,-29964,-29969,-29967,-29969,-29969,-29969,-29969,-29970,-29968,-29971,-29970,-29970,-29967,-29967,-29977,-29978,-29978,-29979,-29979,-29980,-29981,-29982,-29981,-29979,-29985,-29986,-29986,-29986,-29987,-29987,-29991,-29992]} 1. d4 g6 2. Bf4 Bg7 3. Nc3 d6 4. Qd2 (4. e4 a6 5. Qd2 b5 6. Nf3 Bb7 7. Bd3 Nd7 8. O-O c5 9. dxc5 Nxc5 10. b4 Nxd3 11. cxd3 Nf6 12. Bh6 {0-1 (41) Demchenko,A (2679)-Petrosian,T (2598) St Petersburg 2018}) 4... Nd7 5. Nf3 e5 6. dxe5 {A40: Unusual replies to 1 d4} Nxe5 7. Nxe5 $146 ({Predecessor:} 7. e4 Be6 8. O-O-O a6 9. Kb1 Nxf3 10. gxf3 Nf6 11. Be2 {0-1 (40) Gerbery,R (2199)-Juhar,R (2072) Slovakia 2006}) 7... dxe5 8. Qxd8+ {White is slightly better.} Kxd8 9. Bg5+ f6 10. O-O-O+ Bd7 $1 11. Bh4 Ne7 (11... c6 $11 {keeps the balance.}) 12. Ne4 $1 $36 {[%mdl 2048] White is in control.} Kc8 13. Bxf6 Bxf6 14. Nxf6 Be6 15. f3 c6 16. Ne4 b6 17. Ng5 Bg8 18. g3 Kc7 19. Bh3 {Strongly threatening Rd7+.} Nf5 20. e4 Nd6 {[#]} 21. Rd2 (21. f4 $142 $1 {[%cal Rf4e5]} Re8 22. Rhe1) 21... h6 22. Rhd1 Rd8 23. Ne6+ Bxe6 24. Bxe6 Rhf8 25. Rd3 b5 26. Bh3 h5 27. c3 g5 28. b3 a5 29. a3 ({White should try} 29. Bf5 $14) 29... a4 $11 30. bxa4 bxa4 31. Bf1 Rf6 32. Kc2 Rff8 33. Bh3 Nc4 34. Rxd8 Nxa3+ 35. Kc1 Rxd8 36. Rxd8 Kxd8 {[%mdl 4096] Endgame KB-KN} 37. Bf1 Nb5 38. Kb2 Kc7 39. h4 gxh4 40. gxh4 Kb6 41. Bc4 {Bf7 is the strong threat.} Nd6 42. Be6 Kc5 43. Kc2 Nc4 44. Bf7 (44. Kd3 $5 {[%cal Re6c4]} Nd6 45. Kd2 $11) 44... Ne3+ 45. Kb2 Ng2 46. Bxh5 Nxh4 47. Ka3 Kc4 (47... Kb5 $1 $15 48. Kb2 Ng2) 48. Kxa4 Kxc3 49. f4 $1 {[%cal Rf4e5]} exf4 50. e5 Nf5 {And now ...Ng7 would win.} 51. Bg4 Ne7 {Threatens to win with ...c5.} 52. e6 Kc4 53. Ka5 $2 {[%mdl 8192] [#]} (53. Ka3 $11) 53... Kd4 $2 ({Black should play} 53... c5 $1 $19 54. Be2+ Kd4) 54. Be2 $2 {[%mdl 8192]} (54. Kb4 $11) 54... Kd5 55. Bg4 Kd6 {Black mates.} 56. Kb4 Nd5+ 57. Kb3 Ne3 58. Bf3 c5 59. Kc3 Kxe6 60. Kd3 Ke5 61. Bb7 Nf5 62. Bf3 Nd6 63. Bg2 Kf5 64. Bf3 Kg5 65. Bd5 Kg4 66. Ke2 Kg3 67. Bf3 Nf7 68. Bd5 Ne5 69. Bb7 f3+ 70. Ke3 f2 71. Ke2 c4 72. Be4 c3 73. Kf1 Nc4 {Accuracy: White = 49%, Black = 68%.} 0-1

[Event "23rd Hogeschool Zeeland Open 2019"]
[Site "Vlissingen"]
[Date "2019.08.08"]
[Round "7.16"]
[White "Bezemer, Arno"]
[Black "Berghuis, Marten"]
[Result "1-0"]
[WhiteElo "2245"]
[BlackElo "2031"]
[Annotator "ChessBase"]
[PlyCount "63"]
[EventDate "2019.08.03"]
[EventType "swiss"]
[EventCountry "NED"]
[SourceTitle "playchess.com"]
[Source "ChessBase"]
[SourceQuality "1"]
[TimeControl "40/5400+30:1800+30"]

1. c4 {[%emt 0:00:01]} Nf6 {[%emt 0:00:23]} 2. Nc3 {[%emt 0:00:21]} g6 {[%emt 0:00:09]} 3. e4 {[%emt 0:00:39]} d6 {[%emt 0:00:32]} 4. d4 {[%emt 0:00:10]} Bg7 {[%emt 0:00:20]} 5. f4 {[%emt 0:01:26]} O-O {[%emt 0:01:31]} 6. Nf3 {[%emt 0:00:04]} c5 {[%emt 0:00:57]} 7. d5 {[%emt 0:00:06]} e6 {[%emt 0:03:11]} 8. Be2 {[%emt 0:00:21]} exd5 {[%emt 0:00:21]} 9. cxd5 {[%emt 0:00:06]} Re8 {[%emt 0:03:19]} 10. e5 {[%emt 0:00:47]} dxe5 {[%emt 0:05:38]} 11. fxe5 {[%emt 0:00:07]} Ng4 {[%emt 0:03:54]} 12. e6 {[%emt 0:00:29]} fxe6 {[%emt 0:01:46]} 13. d6 {[%emt 0:00:27]} Bd7 {[%emt 0:08:10]} 14. Ng5 {[%emt 0:07:53]} Ne5 {[%emt 0:04:18]} 15. O-O {[%emt 0:01:24]} h6 {[%emt 0:04:58]} 16. Nge4 {[%emt 0:00:24]} c4 {[%emt 0:06:52]} 17. Be3 {[%emt 0:04:04]} Kh7 {[%emt 0:09:46]} 18. Qd2 {[%emt 0:06:36]} Nbc6 {[%emt 0:07:59]} 19. Rf4 {[%emt 0:04:16]} Rf8 {[%emt 0:02:06]} 20. Rxf8 {[%emt 0:01:48]} Qxf8 {[%emt 0:00:39]} 21. Nc5 {[%emt 0:04:25]} Qc8 {[%emt 0:06:32]} 22. Rf1 {[%emt 0:05:23]} b6 {[%emt 0:01:48]} 23. Nxd7 {[%emt 0:00:09]} Qxd7 {[%emt 0:00:24]} 24. Ne4 {[%emt 0:00:09]} Qd8 {[%emt 0:04:53]} 25. Qe1 {[%emt 0:17:59]} Rb8 {[%emt 0:03:31]} 26. Qg3 {[%emt 0:00:56]} Rb7 {[%emt 0:06:17]} 27. Qh3 {[%emt 0:01:13]} b5 {[%emt 0:03:51]} 28. Ng5+ {[%emt 0:06:07]} Kg8 {[%emt 0:00:25]} 29. Qxe6+ {[%emt 0:01:21]} Kh8 {[%emt 0:00:25]} 30. Ne4 {[%emt 0:03:51]} Rd7 {[%emt 0:02:59]} 31. Qh3 {[%emt 0:00:57]} Kh7 {[%emt 0:01:08]} 32. Ng5+ {[%emt 0:01:23]} 1-0